[Event "Eastern Asia-ch U14 7th"]
[Site "Hainan"]
[Date "2023.08.09"]
[Round "7"]
[White "Yee, Hao Loong"]
[Black "Zhou, Yuxu"]
[Result "1-0"]
[WhiteElo "1544"]
[BlackElo "1374"]
[PlyCount "121"]
[EventDate "2023.08.04"]
[EventType "swiss"]
[EventRounds "9"]
[EventCountry "CHN"]
[SourceTitle "EXT 2024"]
[Source "ChessBase"]
[SourceDate "2023.10.10"]
[SourceVersion "1"]
[SourceVersionDate "2023.10.10"]
[SourceQuality "1"]

1. Nf3 d5 2. g3 c6 3. Bg2 Bg4 4. 0-0 e6 5. c4 Nf6 6. d3 Nbd7 7. h3 Bxf3 8. exf3 Be7 9. Nc3 0-0 10. f4 Nb6 11. b3 dxc4 12. dxc4 Qxd1 13. Rxd1 Rfd8 14. Be3 Rxd1+ 15. Rxd1 Rd8 16. Rxd8+ Bxd8 17. Ne4 Nxe4 18. Bxe4 f5 19. Bf3 Bf6 20. Kf1 e5 21. Ke2 e4 22. Bg2 Kf7 23. f3 exf3+ 24. Bxf3 h6 25. h4 Bd8 26. Kd3 Bc7 27. c5 Nd7 28. Kc4 Nf6 29. b4 Ng4 30. Bd2 a6 31. a4 g5 32. hxg5 hxg5 33. b5 axb5+ 34. axb5 gxf4 35. gxf4 cxb5+ 36. Kxb5 Nf2 37. Bxb7 Nd3 38. Kc6 Bb8 39. Ba6 Nxf4 40. Kd7 Ng6 41. Ba5 Nf8+ 42. Kc8 Be5 43. Bc4+ Ke8 44. c6 Ng6 45. Kb7 Ne7 46. c7 Bxc7 47. Kxc7 f4 48. Kd6 Kf8 49. Bb4 Ng6 50. Ke6+ Kg7 51. Kf5 f3 52. Kg5 Nh8 53. Kf4 Ng6+ 54. Kg3 Kf6 55. Bc3+ Kg5 56. Kxf3 Nh4+ 57. Ke4 Kg4 58. Be2+ Kh3 59. Be1 Ng2 60. Bf2 Kh2 61. Kf3 1-0

[Event "Eastern Asia-ch U14 7th"]
[Site "Hainan"]
[Date "2023.08.08"]
[Round "6"]
[White "Wang, Puxuan"]
[Black "Yee, Hao Loong"]
[Result "0-1"]
[WhiteElo "1334"]
[BlackElo "1544"]
[PlyCount "134"]
[EventDate "2023.08.04"]
[EventType "swiss"]
[EventRounds "9"]
[EventCountry "CHN"]
[SourceTitle "EXT 2024"]
[Source "ChessBase"]
[SourceDate "2023.10.10"]
[SourceVersion "1"]
[SourceVersionDate "2023.10.10"]
[SourceQuality "1"]

1. Nf3 Nf6 2. g3 g6 3. Bg2 Bg7 4. 0-0 0-0 5. d4 d5 6. c4 c6 7. cxd5 cxd5 8. Nc3 Ne4 9. Nxe4 dxe4 10. Ne5 Nd7 11. Bf4 Nf6 12. e3 Qb6 13. Nc4 Qb4 14. b3 Bg4 15. Qd2 Qb5 16. Be5 Qd5 17. Rac1 Rac8 18. Qb4 Rfe8 19. Nd2 Bf8 20. h3 Bf3 21. Rc5 Rxc5 22. Qxc5 Qxc5 23. dxc5 Bxg2 24. Kxg2 Nd7 25. Ba1 Nxc5 26. Rc1 Rd8 27. Rxc5 Rxd2 28. a4 Rd7 29. Bd4 f6 30. Rc8 b6 31. a5 e5 32. Bc3 Kf7 33. a6 Bd6 34. Be1 Ke6 35. Kf1 Kd5 36. Ke2 Rc7 37. Rd8 Kc6 38. f3 exf3+ 39. Kxf3 Rd7 40. Rc8+ Bc7 41. Ra8 Bd8 42. Rb8 Bc7 43. Ra8 Bd6 44. Rc8+ Kb5 45. Ke4 Bc7 46. g4 Kxa6 47. Rf8 Bd8 48. g5 f5+ 49. Kxe5 Bxg5 50. h4 Bxe3 51. h5 Bc5 52. Re8 Re7+ 53. Rxe7 Bxe7 54. Ke6 Bc5 55. Kf6 Bd4+ 56. Kg5 Be3+ 57. Kf6 f4 58. h6 f3 59. Kg7 f2 60. Kxh7 fxe1Q 61. b4 Qh4 62. b5+ Kxb5 63. Kg8 g5 64. Kh8 Qxh6+ 65. Kg8 Qf6 66. Kh7 Bd4 67. Kg8 Qg7# 0-1

[Event "Johor op-A 7th"]
[Site "Johor"]
[Date "2022.12.30"]
[Round "7"]
[White "Nguyen, Thanh Thuy Tien"]
[Black "Yee, Hao Loong"]
[Result "1-0"]
[WhiteElo "1939"]
[BlackElo "1560"]
[PlyCount "115"]
[EventDate "2022.12.26"]
[EventType "swiss"]
[EventRounds "9"]
[EventCountry "MAS"]
[SourceTitle "CBM 212 Extra"]
[Source "ChessBase"]
[SourceDate "2023.03.31"]
[SourceVersion "1"]
[SourceVersionDate "2023.03.31"]
[SourceQuality "1"]

1. Nf3 Nf6 2. c4 e6 3. e3 d5 4. Nc3 Be7 5. b3 0-0 6. Bb2 b6 7. g3 Bb7 8. Bg2 dxc4 9. bxc4 Nbd7 10. d4 Bd6 11. 0-0 e5 12. d5 Nc5 13. Qc2 Qd7 14. Nd2 c6 15. Rfd1 cxd5 16. cxd5 Ba6 17. Nde4 Nfxe4 18. Nxe4 Nxe4 19. Qxe4 f5 20. Qf3 Rac8 21. Rac1 Qa4 22. e4 Qxa2 23. Rxc8 Rxc8 24. Qxf5 Qb3 25. Qe6+ Kh8 26. Ra1 Qxb2 27. Rxa6 Rf8 28. h4 Qxf2+ 29. Kh2 Bb8 30. d6 Qf6 31. Qxf6 gxf6 32. d7 Rd8 33. Bh3 Kg8 34. Bf5 h6 35. Kh3 Kf7 36. Kg4 b5 37. Kh5 Kg7 38. Rc6 Kf7 39. Rc8 Ke7 40. Kxh6 Bd6 41. Kg7 Rxd7 42. Bxd7 Kxd7 43. Ra8 f5 44. Rxa7+ Ke6 45. h5 f4 46. g4 Be7 47. Ra6+ Kd7 48. h6 f3 49. h7 f2 50. Ra1 Ke6 51. Rf1 Bf6+ 52. Kg8 b4 53. Rxf2 b3 54. Rxf6+ Kxf6 55. h8Q+ Ke6 56. Qh6+ Ke7 57. Qb6 b2 58. g5 1-0

[Event "Johor op-A 7th"]
[Site "Johor"]
[Date "2022.12.26"]
[Round "1"]
[White "Di, Xu Wei"]
[Black "Yee, Hao Loong"]
[Result "1-0"]
[WhiteElo "1903"]
[BlackElo "1560"]
[PlyCount "93"]
[EventDate "2022.12.26"]
[EventType "swiss"]
[EventRounds "9"]
[EventCountry "MAS"]
[SourceTitle "CBM 212 Extra"]
[Source "ChessBase"]
[SourceDate "2023.03.31"]
[SourceVersion "1"]
[SourceVersionDate "2023.03.31"]
[SourceQuality "1"]

1. d4 Nf6 2. Nf3 d5 3. c4 e6 4. g3 dxc4 5. Bg2 a6 6. 0-0 Nc6 7. e3 Rb8 8. Nfd2 Na5 9. Qa4+ c6 10. Nxc4 Nxc4 11. Qxc4 Be7 12. e4 Bd7 13. Rd1 0-0 14. a4 b5 15. Qe2 Qb6 16. Bf4 Rbc8 17. Nc3 Rfd8 18. Bg5 h6 19. Be3 Be8 20. d5 c5 21. a5 Qb8 22. dxe6 fxe6 23. Bh3 Bf7 24. Bf4 Qb7 25. e5 Nd5 26. Qf3 Rc6 27. Bg2 b4 28. Ne4 Rcc8 29. Nd6 Bxd6 30. exd6 Qd7 31. Be5 Bg6 32. Qe2 Qb7 33. Qg4 Bf5 34. Qxf5 exf5 35. Bxd5+ Qxd5 36. Rxd5 c4 37. Rc1 Kf7 38. f4 g5 39. Rd4 c3 40. bxc3 bxc3 41. Rd3 c2 42. Rd2 Rc5 43. Rcxc2 Rxa5 44. Rc7+ Kg6 45. Rg7+ Kh5 46. d7 Kg4 47. Kg2 1-0